01291cam a2200229 i 4500003000400000005001700004008004100021020004300062020004000105040001500145060001000160082001900170100002900189245005600218250001800274300002700292504005000319505059300369650002100962650002100983650005701004OSt20160724095154.0130724s2014 nyua b 001 0 eng  a9780071794589 (hardcover : alk. paper) a0071794581 (hardcover : alk. paper) ama-inbeng10aQV 3800a615.7223bBLA1 aBauer, Larry A.,eauthor10aApplied clinical pharmacokinetics /cLarry A. Bauer aThird edition axii, 868 pages ;c24cm aIncludes bibliographical references and index0 aClinical pharmacokinetic and pharmacodynamic concepts -- Clinical pharmacokinetic equations and calculations -- Drug dosing in special populations : renal and hepatic disease, dialysis, heart failure, obesity, and drug interactions -- Aminoglycoside antibiotics -- Vancomycin -- Digoxin -- Lidocaine -- Procainamide/N-acetyl procainamide -- Quinidine -- Phenytoin/fosphenytoin -- Carbamazepine -- Valproic acid -- Phenobarbital/primidone -- Ethosuximide -- Lamotrigine -- Levetiracetam -- Oxcarbazepine/eslicarbazepine -- Cyclosporine -- Tacrolimus -- Sirolimus -- Lithium -- Theophylline 0aPharmacokinetics12aPharmacokinetics22aPharmaceutical Preparationsxadministration & dosage